000 00342nam a2200145Ia 4500
008 150201s2007 xx 000 0 und d
082 _a612
_bP07H
100 _aHALL,JOHN E
245 _aGYTON&HALL PHYSIOLOGY REVIW
250 _a1ST
260 _bELSEVIER
_aDELHI
_c2007
300 _a1-250
650 _aHUMAN PHYSIOLOGY
942 _2ddc
_cBK
_09
999 _c326
_d326